| 000 | 00563cam a2200217 4500 | ||
|---|---|---|---|
| 001 | B799 | ||
| 008 | 090401t1987 xxu||||| |||| 00| 0 eng d | ||
| 035 | _a(Sirsi) u37961 | ||
| 041 | _aeng | ||
| 050 | _a693.96 | ||
| 100 | _aLittlefair, P.J. | ||
| 245 | _aSolar dazzle reflected from sloping glazed facades | ||
| 260 |
_aGarston,Watford _bBuilding Research Establishment _c1987 |
||
| 300 | _a(4)p. : ill. ; 30cm. | ||
| 350 | _a0 | ||
| 490 |
_aBRE Information Paper _v3/87 |
||
| 650 | _aGLAZING | ||
| 650 | _aSUNLIGHT | ||
| 942 | _n0 | ||
| 948 | _c04/03/1997 | ||
| 999 |
_c90584 _d90584 |
||